Statistiques concernant Dans quelle ville ces fast-food ont été crées

Cliquez ici pour prendre le quiz!

Statistiques générales

  • Ce quiz a été pris 24 fois
  • Le résultat moyen est 2 sur 16

Statistiques - réponses

Réponse% Correct
Chicago
86%
Bruxelles
57%
Miami
48%
Indianapolis
14%
Louisville
10%
Louisville
10%
Ivry-sur-Seine
5%
Ann Arbor
0%
Canton
0%
Carpinteria
0%
Dublin
0%
Irvine
0%
Lorton
0%
Milford
0%
Plano
0%
Sandy Springs
0%

Distribution des résultats

Percentile par nombre de réponses

% des personnes avec chaque résultat

Votre développement - résultats

Vous n’avez pas pris ce quiz